|
|
|
|
| LEADER |
00000nab a2200000 a 4500 |
| 001 |
vtls011131972 |
| 003 |
SK-MaSNL |
| 005 |
20260303150917.0 |
| 008 |
230222|1974 xo |||||||||||||||||slo| |
| 015 |
|
|
|a SNBRB
|
| 035 |
|
|
|a (uuid)516c9e94-63e7-463c-92ec-0ab51af2cf7e
|
| 035 |
|
|
|a (urnnbn)urn:nbn:sk:snk:ar-a09m0t
|
| 035 |
|
|
|a urn:nbn:sk:snk-aba9q3
|
| 040 |
|
|
|a SNKBUCL
|b slo
|c SNKBUCL
|e AACR2
|
| 041 |
0 |
|
|a slo
|
| 044 |
|
|
|a xo
|c SK
|
| 100 |
1 |
|
|a Augustín, Ján
|4 aut
|9 385819
|
| 245 |
1 |
0 |
|a Pracovné nástroje pre elektrochemické obrábanie dutín kováčskych zápustiek a foriem
|c Ján Augustín
|
| 773 |
0 |
|
|t Trend VUMA : vedeckotechnický časopis : časopis pre odbory : montáž v strojárstve - elektrické metódy obrábania - ultrazvuk
|g Roč. 6, č. 3 (1974), s. 27-34
|
| 954 |
|
|
|a odborná, vedecká literatúra pôvodná (slovenská)
|2 lita
|
| 958 |
|
|
|a OND
|
| 958 |
|
|
|a EUIPO
|
| 958 |
|
|
|a article13
|
| 999 |
|
|
|c 2014471
|d 2016401
|